00537cam a2200181 a 450000100100000000500170001000800410002704000290006808200190009710000270011624500670014326000310021030000280024149000210026965000200029065000240031083000210033400001893420200929165903.0760525s1973 xxca 000 0 fre d aDO-SdBNPbfrecLCdBNPHU a843.914bD814m1 aDubé, Marcel,d1930-10aManuel :btexte dramatique en quatre parties /cMarcel Dubé. a[Ottawa] :bLemeac,c1973. a148 p. :bil. ;c20 cm.1 aLes Beaux Textes 4aNovela francesa 4aLiteratura francesa 0aLes Beaux Textes